|
|
|
|
| LEADER |
00000nam a2200000 4500 |
| 005 |
20240724161046.0 |
| 008 |
240724b |||||||| |||| 00| 0 eng d |
| 040 |
|
|
|c GP
|
| 100 |
|
|
|a Forster, Edward Morgan
|
| 245 |
|
|
|a Maurice
|
| 942 |
|
|
|2 ddc
|c BK
|n 0
|
| 952 |
|
|
|0 0
|1 0
|2 ddc
|4 0
|6 823_900000000000000_FOR
|7 1
|9 1669
|a RM
|b RM
|d 2024-07-24
|l 0
|o 823.9 FOR
|p 24
|r 2024-07-24 16:11:03
|w 2024-07-24
|y BK
|
| 952 |
|
|
|0 0
|1 0
|2 ddc
|4 0
|6 823_900000000000000_FOR_MAU
|7 1
|9 2354
|a RN
|b RN
|d 2024-12-24
|l 0
|o 823.9 FOR MAU
|p 9807
|r 2024-12-24 12:27:16
|w 2024-12-24
|y BK
|
| 999 |
|
|
|c 1482
|d 1482
|